| 000 | 00480nam a2200181Ia 4500 | ||
|---|---|---|---|
| 003 | 0100 | ||
| 008 | 130303s9999 xx 000 0 und d | ||
| 040 | _cARRUPELIB | ||
| 050 | _aDT20.G452 1995 V.6 | ||
| 100 | _aAjayi, J.F. Ade | ||
| 245 | _aUNESCO General History of Africa. VI | ||
| 245 | _bAfrica in the Nineteenth Century Until the 1880s | ||
| 260 | _aCalifornia | ||
| 260 | _bUNESCO Heinemann Educational Books Inc | ||
| 260 | _C1995 | ||
| 300 | _a861p | ||
| 942 | 0 | 0 | _02 |
| 999 |
_c18515 _d18515 |
||